Les 50 personnalités préférées des français 2025 - Statistiques

Statistiques générales
  • Ce quiz a été pris 82 fois
  • Le résultat moyen est 10 sur 50
Statistiques - réponses
Hint H / F Réponse % Correct
1 H Jean-Jacques Goldman
72%
38 H Kylian Mbappé
65%
4 H Omar Sy
57%
12 H Jordan Bardella
46%
23 F Marine Le Pen
46%
25 H Antoine Griezmann
42%
20 H Jean Dujardin
42%
5 H Zinédine Zidane
38%
14 H Léon Marchand
33%
18 F Karine Le Marchand
29%
32 H Pierre Niney
29%
27 H Antoine Dupont
28%
11 H Teddy Riner
28%
2 H Florent Pagny
26%
9 H Soprano
25%
15 H Jean-Luc Reichmann
24%
40 H Gad Elmaleh
21%
34 F Louane
21%
29 F Mimie Mathy
21%
50 H Gilles Lellouche
19%
28 H Vianney
18%
8 H Thomas Pesquet
17%
33 H Christian Clavier
15%
13 H Dany Boon
15%
46 H Kad Merad
15%
7 F Mylène Farmer
15%
21 F Florence Foresti
14%
10 H Michel Sardou
14%
3 H Francis Cabrel
13%
26 H Jean Reno
13%
6 F Sophie Marceau
13%
35 H Alain Chabat
11%
48 H Nikos Aliagas
11%
22 H Philippe Etchebest
11%
43 F Line Renaud
10%
37 H Renaud
10%
41 H Cyril Lignac
7%
30 H Eddy Mitchell
7%
24 F Viriginie Efira
7%
45 H Alain Souchon
6%
47 H Fabrice Luchini
6%
39 H (ils sont 2 ici) Frères Lebrun / Alexis et Félix Lebrun
6%
16 H Julien Doré
6%
17 F Audrey Fleurot
4%
42 F Clara Luciani
4%
19 H Grand Corps Malade
4%
31 H Pierre Richard
4%
44 F Évelyne Dhéliat
3%
36 F Faustine Bollaert
3%
49 H Hugo Décrypte
1%
Aucun quiz correspondant
Distribution des résultats
% des personnes avec chaque résultat
Percentile par nombre de réponses
Votre historique - résultats
Vous n’avez pas pris ce quiz